00597nam a2200205Ia 450000500170000000800410001702000150005808200210007310000150009424500530010926000280016226000300019030000160022065000110023665000130024765000130026094200060027395200970027999900150037620250108060358.0240331s9999 xx 000 0 und d a0415016983 bJEN23618a305.3 aChapman, J 0aPolitics, Feminism and the Reformation of Gender aLondonbRoutledgec1993 aNew YorkbRoutledgec1993 axx, 315 p., aGender aFeminism aPolitics cL 001040708LaWERCLbWERCLcSSCd2024-03-31l0o 305.3 CHAp3618r2024-03-31w2024-03-31yL c1558d1558